000 04852cgm a2200913Ia 4500
003 OCoLC
005 20241220121626.0
007 vd cvaizq
008 071119s2008 xxk120 g vleng d
001 ocn181596753
035 _a(Sirsi) i9780788876271
040 _aTEFMT
_cTEFMT
_dTEF
_dRCS
_dMR0
_dJED
_dUINTA
020 _a0788876279
020 _a9780788876271
024 1 _a786936731927
028 4 2 _a54104
_bMiramax Home Entertainment
035 _a(OCoLC)181596753
041 1 _aeng
_aspa
_beng
_bspa
_bfre
_heng
043 _ae-uk-en
044 _axxk
_aie
050 1 4 _aPN1995.9.B55
_bB4366564 2008
082 0 4 _a791.43/72
_222
049 _aUCLB
092 _a791.437
245 0 0 _aBecoming Jane
_h[videorecording] /
_cMiramax Films, Hanway Films, UK Film Council and Bord Scannán na hÉireann/The Irish Film Board present in association with 2 Entertain and BBC Films and Ecosse Films production in association with Blueprint Pictures, produced with Scion Films ; producers, Graham Broadbent, Robert Bernstein, Douglas Rae ; written by Sarah Williams and Kevin Hood ; director, Julian Jarrold.
260 _aBurbank, Calif. :
_bMiramax Home Entertainment :
_bDistributed by Buena Vista Home Entertainment,
_c[2008]
300 _a1 videodisc (120 min.) :
_bsd., col. ;
_c4 3/4 in.
538 _aDVD ; Region 1 ; widescreen (2.35:1, enhanced) presentation ; Dolby Digital 5.1 surround.
546 _aIn English or dubbed Spanish, with Spanish or French subtitles.
546 _aClosed-captioned.
511 1 _aAnne Hathaway, James McAvoy, Julie Walters, James Cromwell, Maggie Smith.
508 _aDirector of photography, Eigil Bryld ; editor, Emma E. Hickox ; music, Adrian Johnston ; costume designer, Eimer ní Mhaoldomhnaigh ; production designer, Eve Stewart ; hair and makeup designer, Veronica Brebner.
521 8 _aMPAA rating: PG; for brief nudity and mild language.
520 _aThe young Jane Austen wishes to be a writer. Her mother thinks otherwise. Although she is offered many marriage proposals she accepts none until the mischevious Thomas Lefroy shows up and turns her world around. At first she finds him ignorant and self centered but as she gets to know him, they start to flirt and eventually fall in love. Thomas' relatives disagree with the match and threaten to disinherit him if he marries her. Jane's mother also disagrees with the match. As a result of this, Thomas tries to convince Jane to runaway with him. Instead, Jane stays with her family and ends her affair with Lefroy. She begins to write some of her greatest works of all time. Lefroy becomes the inspiration for Mr. Darcy in the novel, Pride and Prejudice.
500 _aSpecial features: Discovering the real Jane Austen; "Becoming Jane" pop-up facts and footnotes; deleted scenes; audio commentary.
600 1 0 _aAusten, Jane,
_d1775-1817
_vDrama.
_96180575
650 0 _aWomen novelists, English
_vBiography
_vDrama.
_96508415
650 0 _aMan-woman relationships
_zEngland
_vDrama.
_95747332
650 0 _aFamily
_vDrama.
_95692656
651 0 _aEngland
_vDrama.
_95700793
650 7 _aNovelistas inglesas
_vBiografía
_vTeatro.
_2bidex
_96508416
650 7 _aFamilia
_zInglaterra
_vTeatro.
_2bidex
_96508417
600 1 7 _aAusten, Jane,
_d1775-1817
_vDrama.
_2sears
_96180575
650 7 _aWomen novelists, English
_vBiography
_vDrama.
_2sears
_96508415
650 7 _aMan-woman relationship
_zEngland
_vDrama.
_2sears
_96439822
650 7 _aFamily
_vDrama.
_2sears
_95692656
651 7 _aEngland
_vDrama.
_2sears
_95700793
655 0 _aFeature films.
_96180580
655 0 _aBiographical films.
_9102649
655 0 _aVideo recordings for the hearing impaired.
_96180581
655 7 _aBiographical
_vFeature.
_2local
_95755264
655 7 _aRomance
_vFeature.
_2local
_95714821
655 7 _aWomen
_vFeature.
_2local
_95755059
700 1 _aBroadbent, Graham.
_958299
700 1 _aBernstein, Robert.
_921125
700 1 _aRae, Douglas.
_976200
700 1 _aWilliams, Sarah.
_919533
700 1 _aHood, Kevin.
_952920
700 1 _aJarrold, Julian.
_958536
700 1 _aHathaway, Anne,
_d1982-
_949221
700 1 _aMcAvoy, James,
_d1979-
_972855
700 1 _aWalters, Julie,
_d1950-
_964962
700 1 _aCromwell, James.
_962780
700 1 _aSmith, Maggie,
_d1934-
_975455
710 2 _aMiramax Films.
_960905
710 2 _aHanWay (Firm)
_968954
710 2 _aUK Film Council.
_970113
710 2 _aBord Scannán na hÉireann.
_965916
710 2 _a2 Entertain (Firm)
_974066
710 2 _aBBC Films.
_961997
710 2 _aEcosse Films.
_96180582
710 2 _aBlueprint Pictures.
_972029
710 2 _aScion Films.
_973894
710 2 _aMiramax Home Entertainment (Firm)
_976097
710 2 _aBuena Vista Home Entertainment (Firm)
_964615
942 _cDVD
_0458
994 _aC0
_bUINTA
998 _aa112732
999 _c52289
_d52289